000 00489nam a2200181 a 4500
001 4049
005 20140414131903.0
008 081211s19uu xx 00 eng d
020 _a981-4177-41-5
050 _aTR
_bAu7 2004
100 _aAusten, Jane
245 _aPride and prejudice /
_cJane Austen.
250 _aIllustrated Classics ed.
260 _aMacpherson Road :
_bAllscript,
_cc2004.
300 _a223 p. : ill. ; cm.
650 _aSocial classes
_xFiction
999 _c110805
_d110805